Text Book of Intermediate Chemistry (Record no. 17052)

MARC details
000 -LEADER
fixed length control field 00405nam a2200133Ia 4500
008 - FIXED-LENGTH DATA ELEMENTS--GENERAL INFORMATION
fixed length control field 211109s9999||||xx |||||||||||||| ||und||
082 ## - DEWEY DECIMAL CLASSIFICATION NUMBER
Classification number 540
Item number PAN-T
100 ## - MAIN ENTRY--PERSONAL NAME
Personal name Painkkar, P Bhaskara
245 #0 - TITLE STATEMENT
Title Text Book of Intermediate Chemistry
260 ## - PUBLICATION, DISTRIBUTION, ETC.
Name of publisher, distributor, etc. S Viswanathan
Place of publication, distribution, etc. Madras
Date of publication, distribution, etc. 1944
630 ## - SUBJECT ADDED ENTRY--UNIFORM TITLE
General subdivision General Stack
650 ## - SUBJECT ADDED ENTRY--TOPICAL TERM
Topical term or geographic name entry element NATURAL SCIENCES& MATHEMATICS
942 ## - ADDED ENTRY ELEMENTS (KOHA)
Koha item type BOOK
650 ## - SUBJECT ADDED ENTRY--TOPICAL TERM
Form subdivision CHEMISTRY & ALLIED SCIENCES
General subdivision Generalia
Holdings
Withdrawn status Lost status Damaged status Not for loan Home library Current library Date acquired Cost, normal purchase price Total Checkouts Full call number Barcode Shelving location Date last seen Price effective from Koha item type
        SB LIBRARY SB LIBRARY 09/11/2021 100.00   540 PAN-T 00017700 GENERAL STACK 09/11/2021 09/11/2021 BOOK

Powered by Koha